LDR 00716naa#a2200169#i#450# 001 EN\\bibl\120802 005 20260418083355.6 011 ## _a2409-1073 100 ## _a20240620b2024####ek#y0engy0150####ca 102 ## _aRU 200 1# _aPolysemic “nests” in translating false friends of translator from English into Russian _eJournal article 210 1# _aMoscow _cNational Research University of Electronic Technology _d2024 215 ## _a0 с. 608 ## _aJournal article _2local 675 ## _aВысшее образование. Высшая школа. Подготовка научных кадров. 378 _aЛингвистика. Языкознание. Языки. 81 _z 700 #1 _aStepanenkova _gAnna V. 856 4# _aesgi-journal.ru _u